00491 2200193 4500001002100000005001500021035002000036007000300056008004100059020001400100082001000114084001600124100001100140245004800151250001100199260004800210300002900258990001000287INLIS00000000000892320210531112823 a0010-0521000216ta210531 g 0 ind  a615210002 a745.5 a745.5 IND k0 aINDIRA1 aKreasi Bingkai Foto Dari Foam Art /cIndira aCet. 1 aJakarta :bPT Gramedia Pustaka Utama,c2015 a87 hlm :b.ilus ;c23 cm a16224